| 000 | 00629nam a2200193 u 4500 | ||
|---|---|---|---|
| 005 | 20210223130248.0 | ||
| 008 | 070906s1976 r 000 0 eng d | ||
| 035 | _aUPN01000151724 | ||
| 049 | _aCG | ||
| 050 | 4 |
_aHD9114 C9.2 _bU5.4 |
|
| 245 | 0 | 0 |
_aUnited Fruit Company : _bun caso del dominio imperialista en Cuba / _ced. Jorge Pérez. |
| 260 |
_aLa Habana : _bCiencias Sociales, _c1976. |
||
| 300 |
_a450, [22] p. : _bil., cuadros, gráfs. |
||
| 440 | 0 | _aNuestra historia | |
| 650 | 4 |
_aAZUCAR - _xCOMERCIO - _zCUBA - _xHISTORIA _98315 |
|
| 610 | 2 | 4 |
_aUNITED FRUIT COMPANY _98317 |
| 700 | 1 |
_aPérez, Jorge, _eed. |
|
| 905 | _aLibro | ||
| 999 |
_c123860 _d123860 |
||